|
|
|
|
| LEADER |
00000nam0a2200000 4500 |
| 001 |
164567 |
| 005 |
20231031161308.0 |
| 010 |
|
|
|a 9785881795337
|
| 035 |
|
|
|a (RuTPU)RU\TPU\book\178526
|
| 090 |
|
|
|a 164567
|
| 100 |
|
|
|a 20090908d2009 m y0rusy50 ca
|
| 101 |
0 |
|
|a rus
|
| 102 |
|
|
|a RU
|
| 105 |
|
|
|a y j 001zy
|
| 200 |
1 |
|
|a Проектирование систем пожаротушения нефтеперекачивающих станций (НПС)
|e учебное пособие
|f А. В. Сальников, Е. В. Нор
|g Ухтинский государственный технический университет (УГТУ)
|
| 210 |
|
|
|a Ухта
|c УГТУ
|d 2009
|
| 215 |
|
|
|a 131 с.
|
| 320 |
|
|
|a Библиогр.: с. 129-130.
|
| 330 |
|
|
|a Учебное пособие предназначено для студентов, обучающихся по специальностям 130501 «Проектирование, сооружение и эксплуатация газонефтепроводов и газонефтехранилищ» направления 130500 «Нефтегазовое дело» и 280102 «Безопасность технологических процессов производств» направления 280100 «Безопасность жизнедеятельности».В учебном пособии представлен обзор существующих систем пенного тушения пожаров и водяного охлаждения резервуарных парков НПС, представлены основные требования к их проектированию, методики и примеры расчета систем подслойного тушения, систем тушения низкократной пленкообразующей пеной сверху на поверхность нефти или нефтепродукта, систем комбинированного тушения, а так же систем водяного охлаждения. Даны рекомендации по выбору, представлены требования к оборудованию данных систем, а так же методики расчета основных узлов. Особое внимание уделено требованиям безопасности и охраны окружающей среды при проектировании систем пожаротушения НПС.
|
| 606 |
1 |
|
|a Нефтеперекачечные станции
|x Пожарная охрана
|2 stltpush
|3 (RuTPU)RU\TPU\subj\45712
|
| 610 |
1 |
|
|a нефтеперекачивающие станции
|
| 610 |
1 |
|
|a пожары
|
| 610 |
1 |
|
|a пенное тушение
|
| 610 |
1 |
|
|a водяное охлаждение
|
| 610 |
1 |
|
|a автоматические системы
|
| 610 |
1 |
|
|a железнодорожные сливоналивные эстакады
|
| 610 |
1 |
|
|a стационарные системы
|
| 610 |
1 |
|
|a противопожарные водопроводы
|
| 610 |
1 |
|
|a пожарные гидранты
|
| 610 |
1 |
|
|a пенообразователи
|
| 610 |
1 |
|
|a пожарные насосы
|
| 610 |
1 |
|
|a окружающая среда
|
| 610 |
1 |
|
|a пожаротушение
|
| 610 |
1 |
|
|a учебные пособия
|
| 675 |
|
|
|a 622.692.5(075.8)
|v 3
|
| 700 |
|
1 |
|a Сальников
|b А. В.
|g Александр Викторович
|
| 701 |
|
1 |
|a Нор
|b Е. В.
|g Елена Владимировна
|
| 712 |
0 |
2 |
|a Ухтинский государственный технический университет (УГТУ)
|c (1999- )
|2 stltpush
|3 (RuTPU)RU\TPU\col\12335
|
| 801 |
|
1 |
|a RU
|b 63413507
|c 20090908
|
| 801 |
|
2 |
|a RU
|b 63413507
|c 20140724
|g RCR
|
| 942 |
|
|
|c BK
|